| 000 | 00354nam a22001457a 4500 | ||
|---|---|---|---|
| 020 | _a8173715343 | ||
| 040 | _cNUST | ||
| 082 |
_a513.5 _bBOE |
||
| 100 |
_aBoehm ,W _9123525 |
||
| 110 |
_aPrautzsch ,H _9123526 |
||
| 245 | _aNumerical Methods | ||
| 260 |
_aIndia: _bUniversities Press, _c2005. |
||
| 650 |
_aNumerical Methods _956168 |
||
| 942 |
_2ddc _cBK |
||
| 999 |
_c609695 _d609695 |
||